000 00293nam a22001337a 4500
008 170908b xxu||||| |||| 00| 0 eng d
020 _a2496704021607
041 _aeng
080 _24TH
_a91
100 _a42
101 _aGJEO
245 _aPHYSICAL GEOLOGY
_cPLUMMER,CH,C
942 _2udc
_cBK
999 _c26919
_d26919